000
00204nam a2200109Ia 4500
100
_a
#N/A
942
_c
BK
245
_a
DIY Linux OS digit April 2013
260
_b
#N/A
546
_a
ENGLISH
999
_c
33426
_d
33426